[Event "Mario Covas 1st"]
[Site "Santos"]
[Date "2001.01.30"]
[Round "2"]
[White "Rodriguez Vila, Andres"]
[Black "Benares de sa Leitao, Ricardo"]
[Result "1-0"]
[WhiteElo "2493"]
[BlackElo "2276"]
[Annotator "Lukacs,P"]
[PlyCount "55"]
[EventDate "2001.01.29"]
[EventType "tourn"]
[EventRounds "11"]
[EventCountry "BRA"]
[EventCategory "8"]
[SourceTitle "CBM 082"]
[Source "ChessBase"]
[SourceDate "2001.05.17"]
[SourceVersion "1"]
[SourceVersionDate "2001.05.17"]
[SourceQuality "1"]

1. e4 e5 2. Bc4 Nf6 3. d3 c6 4. Nf3 d5 5. Bb3 Bd6 (5... Bb4+ {is the other
popular option.}) 6. Nc3 dxe4 7. dxe4 {In this opening White cannot count on
big advantage. On the other hand, Black can equalize the position without much
effort.} (7. Ng5 O-O 8. Ncxe4 {- Adams-Kramnik, Tilburg Fontys 1998 EXT 99}) (
7. Nxe4 {Mitkov-Ch.Gabriel, Pula zt CRO 2000 CBM 77}) 7... Na6 {The N is
heading towards c5.} (7... O-O 8. Bg5 (8. h3 Na6 9. Be3 Qe7 10. O-O Nc5 {
Now Black gets the ^^, which is rather important in open positions.} 11. Bxc5
Bxc5 12. Qe2 Nh5 $11 {Linton-Milner Barry, BCF-ch Ayr 1978}) (8. O-O Na6 9. Bg5
h6 10. Bh4 Nc5 $11 {eliminating the strong light-squared B,
Druckenthaner-Baumgartner, Austria 1993.}) 8... Na6 (8... Qe7 $6 {is answered
by} 9. Nh4 $1 Na6 (9... h6 $2 10. Ng6 $1 $18) 10. Qf3 {Now White has an
irritating pressure.} Nc5 11. O-O-O Nxb3+ 12. axb3 a5 13. Bxf6 gxf6 14. Rd3 Kh8
15. Rhd1 Bc5 16. Nf5 Bxf5 {(Barczay-Kallgren, Balatonbereny 1996)} 17. Qxf5 $1
$16) 9. Qe2 (9. Nh4 {is now answered by} h6 {without any problems.}) 9... Nc5
$142 (9... Qe7 {is again worse because of the standard} 10. Nh4 Nc5 11. Qf3
Nxb3 12. axb3 Bb4 13. O-O $14 {Sobjberg-Samaritani, Aarhus 1993}) (9... Bc7 {
leaves the pin on the h4-d8 /^ unattached.} 10. h3 Nc5 11. Rd1 Qe7 12. Nh4 a5
13. Qf3 {This is the typical setup for White.} b5 14. a3 Nxb3 15. cxb3 Be6 16.
Nf5 Bxf5 17. Qxf5 $14 {A.Rodriguez-Bianchi, Mar del Plata 2000}) 10. O-O-O (10.
Nh4 h6) 10... h6 $11) (7... Bg4 {pinning the N is also playable.} 8. h3 Bh5 9.
Bg5 (9. O-O Na6) 9... h6 10. Bh4 Qe7 11. Qd3 Nbd7 {and Black has comfortably
finished his development.} (11... g5 $5 12. Bg3 Nbd7 13. O-O-O Bc7 $13 (13...
Bb4 14. h4 g4 15. Nd2 O-O-O 16. Nc4 Nb6 17. Qe3 Nxc4 18. Bxc4 Rxd1+ 19. Rxd1
Bc5 20. Qe2 Bg6 $13 {Vorobiov-Novitzkij, White Nights op 1999})) 12. O-O-O Bc7
$11 {Krockenberger-Neunhoeffer, Germany BL2 1992}) 8. Be3 (8. Bg5 h6 (8... O-O
9. Qe2 {- 7..0-0 8.Bg5 Na6 9.Qe2}) 9. Bh4 Qe7 10. Qe2 Nc5 $11 {with a fully
equalized position.} (10... Bb4 $5 11. Bg3 Bxc3+ 12. bxc3 Nd7 13. O-O {
(Maroszyk-Franzen, Banycka kahanec 1973)} Nac5 $11)) 8... Qe7 9. h3 (9. Nd2 Bc5
10. Qe2 (10. Bg5 h6 11. Bxf6 Qxf6 $11 {gives up the important B.}) 10... O-O (
10... Bxe3 11. Qxe3 O-O (11... Be6 $6 12. Bxe6 Qxe6 13. O-O-O Nd7 14. Nb3 Qe7
15. Rd2 Nb6 16. Qg3 O-O 17. Rhd1 $14 {with some pressure on the d <->,
Honfi-Kholmov, Kecskemet 1975.}) 12. O-O-O Nc5 13. h3 b5 14. g4 a5 $13 {
with Black's counterattack on the <<.}) 11. O-O-O Bd4 $13) 9... Nc5 10. Nd2 a5
$5 (10... O-O $11 {was simple and good.}) 11. Qf3 (11. O-O b5 12. a3 Ba6 $11)
11... b5 $6 {Continuing the wrong strategy. Black gets the ^^ anyway, but only
weakens his <<.} (11... O-O $11) 12. a4 $1 {provoking some weakness in the
black camp.} (12. a3 Nxb3 13. Nxb3 a4) 12... Nxb3 (12... b4 13. Ne2 {and >< c4
remains weak.}) 13. cxb3 (13. Nxb3 $1 {was required:} b4 14. Ne2 O-O 15. Bg5
$14) 13... h6 $1 (13... b4 {weakens the squares on the c <->.} 14. Ne2 O-O 15.
Bg5 $14) 14. axb5 $6 {White is winning the P, but forgets about castles, which
is very important in the open games.} (14. O-O b4 15. Ne2 O-O 16. Nc4 {The N
is tremendous here.} Bc7 17. Ng3 $14) 14... cxb5 15. Nxb5 Bb4 16. Nc3 (16. Rc1
$2 O-O 17. Nc7 Rb8 18. O-O Rd8 $17) 16... Ba6 (16... O-O {allows White to
consolidate his position.} 17. O-O Bb7 18. Rfd1) 17. Nc4 (17. Qg3 g5 $44) 17...
Qb7 $5 (17... O-O 18. O-O Bxc4 19. bxc4 Bxc3 20. bxc3 $14) (17... Rc8 $1 {
was the simplest way.} 18. O-O Bxc4 19. bxc4 Rxc4 $11) 18. Bd2 $6 {White
misses the concrete tactical blow.} (18. Nxe5 $6 Nxe4) (18. Rxa5 $2 O-O 19. O-O
Bxa5 20. Nxa5 Qb4 $17) (18. Nxa5 $1 {was possible, for example:} Qb5 (18... Qc7
19. Nc4 $16) (18... Bxc3+ 19. bxc3 Qc7 20. Nc4 $16) (18... Qxe4 19. Qxe4 Nxe4
20. Nc6 $1 $16) 19. Bd2 $1 $16 {winning important material.}) 18... Rd8 19.
O-O-O $6 {This is certainly too risky.} (19. Nxe5 $6 {opens up the position
against his own K in the [+].} O-O 20. Qe3 (20. Ng4 Nxe4 $1 21. Nxe4 Rfe8 $17)
20... Rfe8 21. f4 Bxc3 22. Bxc3 Rd3 $1 $17) (19. Qf5 {was better.} Bxc4 20.
bxc4 O-O $44) 19... a4 $1 (19... O-O {allows White to escape via} 20. Bxh6 $1 (
20. Nxe5 $6 {is again inferior because of} Bxc3 21. Bxc3 Nxe4 $17) 20... Bxc4
21. Bxg7 $11) 20. Nxa4 (20. Nxe5 a3 $1 {and White's K is in a big danger.}) (
20. Qg3 Bxc4 21. bxc4 (21. Qxg7 Ke7 $1 $19) 21... O-O $1 22. Bxh6 Nh5 23. Qxe5
Bxc3 $17) 20... Bxc4 $17 21. Bxb4 Qxb4 22. Rxd8+ Kxd8 23. Qd1+ Ke7 24. bxc4
Nxe4 $2 ({missing the simple} 24... Qxc4+ 25. Nc3 (25. Qc2 $2 Rc8 26. Nc3 Nxe4
$19) 25... Nxe4 26. Re1 Rc8 $17) 25. Qc2 Nxf2 $4 {[%mdl 8192] Continuing the
wrong plan Black oversees a nice intermediate move.} (25... Nd6 {was already
not enough for a win, but still an easy draw.} 26. Nb6 $1 (26. Nc3 Qxc4 27. Re1
Ke6 $15) 26... Qxb6 27. c5 Qc6 28. cxd6+ Qxd6 29. Rd1 Qb6 $11) 26. Nc3 $1 $18 {
Now the N is trapped.} Qc5 27. Rf1 Nxh3 28. Nd5+ 1-0

[Event "Mario Covas 1st"]
[Site "Santos"]
[Date "2001.02.03"]
[Round "6"]
[White "Pelikian, Jefferson"]
[Black "Rodriguez Vila, Andres"]
[Result "1/2-1/2"]
[WhiteElo "2387"]
[BlackElo "2493"]
[PlyCount "138"]
[EventDate "2001.01.29"]
[EventType "tourn"]
[EventRounds "11"]
[EventCountry "BRA"]
[EventCategory "8"]
[SourceTitle "CBM 082"]
[Source "ChessBase"]
[SourceDate "2001.05.17"]
[SourceVersion "1"]
[SourceVersionDate "2001.05.17"]
[SourceQuality "1"]

1. e4 d6 2. d4 Nd7 3. Nf3 g6 4. c3 Bg7 5. Bd3 e5 6. O-O Ne7 7. Re1 O-O 8. Nbd2
h6 9. Nf1 f5 10. exf5 gxf5 11. dxe5 dxe5 12. Bc4+ Kh7 13. Ng5+ hxg5 14. Qh5+
Bh6 15. Bxg5 Rf6 16. Bxf6 Nxf6 17. Qf7+ Bg7 18. Rxe5 Ng6 19. Re3 f4 20. Bd3
fxe3 21. Bxg6+ Kh6 22. Nxe3 Qg8 23. Qxg8 Nxg8 24. Bf5 Bf8 25. Rd1 Bxf5 26.
Nxf5+ Kg5 27. Ne3 Nf6 28. g3 Bc5 29. h4+ Kh6 30. Rd3 Re8 31. Kg2 Kg6 32. Nd5
Nxd5 33. Rxd5 Bb6 34. Rd2 Kf5 35. Kf3 Re1 36. g4+ Kf6 37. Kg3 Rg1+ 38. Kf4 Bc5
39. Kf3 Bd6 40. Rd4 Rb1 41. Rd2 Ra1 42. a3 Rh1 43. h5 Rb1 44. Re2 Kg5 45. Re6
Rxb2 46. Rg6+ Kh4 47. h6 Be5 48. h7 Bxc3 49. Rh6+ Kg5 50. Rh5+ Kg6 51. h8=Q
Bxh8 52. Rxh8 Ra2 53. Rg8+ Kf7 54. Rh8 Rxa3+ 55. Kf4 Ra4+ 56. Kg5 Ra5+ 57. Kh4
Rc5 58. f4 b5 59. Ra8 Rc1 60. Rxa7 Kg6 61. Rb7 c6 62. Rb8 Rh1+ 63. Kg3 Rg1+ 64.
Kf3 Rf1+ 65. Ke3 Rg1 66. Kf3 Rf1+ 67. Ke4 Re1+ 68. Kf3 Rf1+ 69. Ke3 Rg1 1/2-1/2

[Event "Mario Covas 1st"]
[Site "Santos"]
[Date "2001.01.17"]
[Round "8"]
[White "Hoffman, Alejandro"]
[Black "Rodriguez Vila, Andres"]
[Result "1-0"]
[WhiteElo "2473"]
[BlackElo "2493"]
[PlyCount "71"]
[EventDate "2001.01.29"]
[EventType "tourn"]
[EventRounds "11"]
[EventCountry "BRA"]
[EventCategory "8"]
[SourceTitle "CBM 082"]
[Source "ChessBase"]
[SourceDate "2001.05.17"]
[SourceVersion "1"]
[SourceVersionDate "2001.05.17"]
[SourceQuality "1"]

1. d4 e6 2. c4 Nf6 3. Nf3 c5 4. d5 b5 5. dxe6 fxe6 6. cxb5 Bb7 7. Nbd2 Be7 8.
Qc2 d5 9. g3 Qb6 10. a4 Nbd7 11. Bh3 a6 12. a5 Qd6 13. b6 e5 14. e4 dxe4 15.
Ng5 e3 16. Nc4 exf2+ 17. Ke2 Qc6 18. Be3 Nd5 19. Qf5 Rf8 20. Qxd7+ Qxd7 21.
Bxd7+ Kxd7 22. Nxe5+ Kc8 23. Ne4 Re8 24. Nc4 Nxe3 25. Kxe3 Bg5+ 26. Kxf2 Bxe4
27. Nd6+ Kd7 28. Rhd1 Be3+ 29. Kxe3 Bc2+ 30. Nxe8+ Bxd1 31. Rxd1+ Kxe8 32. Rd6
Rc8 33. b7 Rb8 34. Rb6 Kd7 35. Kd3 Kc7 36. Kc4 1-0

[Event "Mario Covas 1st"]
[Site "Santos"]
[Date "2001.01.18"]
[Round "9"]
[White "Rodriguez Vila, Andres"]
[Black "De Toledo, James Mann"]
[Result "1-0"]
[WhiteElo "2493"]
[BlackElo "2384"]
[PlyCount "77"]
[EventDate "2001.01.29"]
[EventType "tourn"]
[EventRounds "11"]
[EventCountry "BRA"]
[EventCategory "8"]
[SourceTitle "CBM 082"]
[Source "ChessBase"]
[SourceDate "2001.05.17"]
[SourceVersion "1"]
[SourceVersionDate "2001.05.17"]
[SourceQuality "1"]

1. e4 c5 2. Nc3 a6 3. Nge2 e6 4. g3 b5 5. Bg2 Bb7 6. O-O Be7 7. d4 cxd4 8. Nxd4
d6 9. a4 b4 10. Na2 Nf6 11. Re1 O-O 12. c4 Qc7 13. b3 a5 14. Nb5 Qc6 15. g4 e5
16. Re3 g5 17. h4 Ne8 18. hxg5 Bxg5 19. Rd3 Bxc1 20. Nxc1 Na6 21. Nxd6 Nc5 22.
Nf5 Qc7 23. Re3 Rd8 24. Qf3 f6 25. Ne2 Ng7 26. Neg3 Nge6 27. Nh5 Ng5 28. Qe2
Qd7 29. Re1 Qd2 30. Ne7+ Kf7 31. Nd5 Qxe2 32. R1xe2 Rd6 33. f4 exf4 34. Nhxf4
Bc8 35. e5 fxe5 36. Rxe5 h6 37. Rf2 Kg8 38. Ne7+ Kh7 39. Rxc5 1-0

[Event "Mario Covas 1st"]
[Site "Santos"]
[Date "2001.01.19"]
[Round "10"]
[White "Zapata, Alonso"]
[Black "Rodriguez Vila, Andres"]
[Result "1-0"]
[WhiteElo "2485"]
[BlackElo "2493"]
[PlyCount "93"]
[EventDate "2001.01.29"]
[EventType "tourn"]
[EventRounds "11"]
[EventCountry "BRA"]
[EventCategory "8"]
[SourceTitle "CBM 082"]
[Source "ChessBase"]
[SourceDate "2001.05.17"]
[SourceVersion "1"]
[SourceVersionDate "2001.05.17"]
[SourceQuality "1"]

1. e4 e6 2. d4 d5 3. Nd2 Nf6 4. e5 Nfd7 5. Ndf3 c5 6. c3 Nc6 7. Bd3 Qa5 8. Bd2
Qb6 9. Ne2 Qxb2 10. O-O Qa3 11. Qb1 g6 12. Nf4 Nb6 13. h4 Be7 14. h5 g5 15. Ne2
h6 16. Nh2 Bd7 17. Ng4 O-O-O 18. f4 Rdg8 19. f5 Kb8 20. f6 Bd8 21. Bh7 Qa6 22.
Rf2 Rf8 23. Bd3 Nc4 24. Be3 Qa4 25. Bxc4 Qxc4 26. Qb2 Na5 27. Rb1 Bc6 28. dxc5
Qxg4 29. Nd4 Ba4 30. c4 Bc7 31. Bd2 Nb3 32. Nxb3 Ka8 33. Ba5 Bxa5 34. Nxa5 Rb8
35. cxd5 exd5 36. Qb4 Bd7 37. Rfb2 Qxb4 38. Rxb4 Bf5 39. R1b2 Rhc8 40. Nxb7 Be6
41. a4 Rc7 42. Nd6 Rxb4 43. Rxb4 a6 44. Rb6 Ka7 45. Ne8 Rb7 46. Rxb7+ Kxb7 47.
Ng7 1-0

[Event "Mario Covas 1st"]
[Site "Santos"]
[Date "2001.01.20"]
[Round "11"]
[White "Rodriguez Vila, Andres"]
[Black "Sega, Carlos Alberto"]
[Result "1-0"]
[WhiteElo "2493"]
[BlackElo "2286"]
[PlyCount "67"]
[EventDate "2001.01.29"]
[EventType "tourn"]
[EventRounds "11"]
[EventCountry "BRA"]
[EventCategory "8"]
[SourceTitle "CBM 082"]
[Source "ChessBase"]
[SourceDate "2001.05.17"]
[SourceVersion "1"]
[SourceVersionDate "2001.05.17"]
[SourceQuality "1"]

1. e4 e6 2. d4 d5 3. e5 c5 4. c3 Nc6 5. Nf3 Qb6 6. Bd3 cxd4 7. cxd4 Bd7 8. Nc3
Nxd4 9. Nxd4 Qxd4 10. Qe2 a6 11. O-O Ne7 12. Kh1 Ng6 13. f4 Bc5 14. Bd2 f5 15.
exf6 O-O 16. fxg7 Qxg7 17. Qh5 Rf7 18. Rf3 Raf8 19. Rg3 Rf5 20. Bxf5 Rxf5 21.
Qe2 Bd6 22. Rf1 Qf7 23. Rgf3 Bc6 24. Qe1 b5 25. Ne2 d4 26. R3f2 Bc5 27. Ng3 Nh4
28. Nxf5 Qxf5 29. Rg1 Bd5 30. Qc1 Bb6 31. Qc8+ Kg7 32. Qb8 Kh6 33. Qxb6 Nxg2
34. Rfxg2 1-0

[Event "Mar del Plata op 32nd"]
[Site "Mar del Plata"]
[Date "2001.04.07"]
[Round "1"]
[White "Rodriguez Vila, Andres"]
[Black "Evans, Pablo"]
[Result "1-0"]
[WhiteElo "2500"]
[BlackElo "2098"]
[PlyCount "89"]
[EventDate "2001.04.07"]
[EventType "swiss"]
[EventRounds "9"]
[EventCountry "ARG"]
[SourceTitle "CBM 081 Extra"]
[Source "ChessBase"]
[SourceDate "2001.05.06"]
[SourceVersion "1"]
[SourceVersionDate "2001.05.06"]
[SourceQuality "1"]

1. e4 c5 2. Nf3 d6 3. d4 cxd4 4. Nxd4 Nf6 5. f3 a6 6. c4 Qc7 7. Nc3 e6 8. Be3
Nbd7 9. Rc1 Be7 10. Be2 b6 11. O-O Bb7 12. Qd2 Rc8 13. Rfd1 O-O 14. Bf1 Rfd8
15. Qf2 Qb8 16. Kh1 Qa8 17. Na4 Qa7 18. b4 Bc6 19. b5 axb5 20. cxb5 Bxe4 21.
Nc6 Bxc6 22. Nxb6 Qb7 23. Nxc8 Rxc8 24. bxc6 Rxc6 25. Rxc6 Qxc6 26. Rc1 Qb7 27.
Qc2 Nc5 28. Bxc5 dxc5 29. Rb1 Qc6 30. Rb8+ Bf8 31. Qd3 Nd5 32. Qa6 Qxa6 33.
Bxa6 g6 34. a4 Kg7 35. Bb5 Bd6 36. Rb7 Bc7 37. Bc6 Ba5 38. Rb5 Bb4 39. Bxd5
exd5 40. a5 d4 41. Kg1 Bd2 42. Rxc5 Bf4 43. Rd5 Kf6 44. Kf1 Bc7 45. a6 1-0

[Event "Mar del Plata op 32nd"]
[Site "Mar del Plata"]
[Date "2001.04.08"]
[Round "2"]
[White "Forestani, Andres Luis"]
[Black "Rodriguez Vila, Andres"]
[Result "0-1"]
[WhiteElo "2227"]
[BlackElo "2500"]
[PlyCount "60"]
[EventDate "2001.04.07"]
[EventType "swiss"]
[EventRounds "9"]
[EventCountry "ARG"]
[SourceTitle "CBM 081 Extra"]
[Source "ChessBase"]
[SourceDate "2001.05.06"]
[SourceVersion "1"]
[SourceVersionDate "2001.05.06"]
[SourceQuality "1"]

1. c4 f5 2. Nf3 Nf6 3. b3 d6 4. d4 g6 5. Bb2 Bg7 6. g3 O-O 7. Bg2 Qe8 8. O-O e5
9. dxe5 Ng4 10. Qd2 dxe5 11. h3 Nh6 12. Nc3 e4 13. Nd4 c6 14. e3 Nd7 15. Rad1
Ne5 16. Ba3 Rf7 17. Nce2 Rd7 18. Qc2 a5 19. Nf4 Rd8 20. h4 Nhg4 21. Nde2 Rxd1
22. Qxd1 h6 23. Bd6 g5 24. hxg5 hxg5 25. Nh3 Nf3+ 26. Kh1 Qh5 27. Neg1 Nfh2 28.
Be7 Nxf1 29. Qd8+ Kh7 30. Bxf1 f4 0-1

[Event "Mar del Plata op 32nd"]
[Site "Mar del Plata"]
[Date "2001.04.09"]
[Round "3"]
[White "Rodriguez Vila, Andres"]
[Black "Kanefsck, Gustavo"]
[Result "1/2-1/2"]
[WhiteElo "2500"]
[BlackElo "2387"]
[PlyCount "80"]
[EventDate "2001.04.07"]
[EventType "swiss"]
[EventRounds "9"]
[EventCountry "ARG"]
[SourceTitle "CBM 081 Extra"]
[Source "ChessBase"]
[SourceDate "2001.05.06"]
[SourceVersion "1"]
[SourceVersionDate "2001.05.06"]
[SourceQuality "1"]

1. e4 c6 2. d4 d5 3. e5 Bf5 4. g4 Bd7 5. Bg2 Qb6 6. c3 e6 7. Ne2 c5 8. O-O Bb5
9. Be3 Nc6 10. Na3 Bxe2 11. Qxe2 cxd4 12. cxd4 Bxa3 13. bxa3 Nge7 14. Rab1 Qc7
15. f4 h5 16. f5 hxg4 17. fxe6 fxe6 18. Qxg4 Qd7 19. Bh3 O-O-O 20. Rf7 Rdg8 21.
Kg2 Nd8 22. Rf2 g6 23. Rb3 Nf5 24. Bg5 Nc6 25. Rd2 Kb8 26. Bf6 Rh7 27. Qd1 Na5
28. Rbd3 Nc4 29. Re2 Rc8 30. Qg1 a6 31. Kh1 Qa4 32. Rg2 Nxa3 33. Rxg6 Nb5 34.
Bxf5 exf5 35. e6 Qc2 36. Re3 Ka7 37. Be5 Nc3 38. Rg2 Qa4 39. Rf3 Re7 40. Bf6
Rxe6 1/2-1/2

[Event "Mar del Plata op 32nd"]
[Site "Mar del Plata"]
[Date "2001.04.11"]
[Round "5"]
[White "Rodriguez Vila, Andres"]
[Black "Monier, Raul"]
[Result "1-0"]
[WhiteElo "2500"]
[BlackElo "2410"]
[PlyCount "62"]
[EventDate "2001.04.07"]
[EventType "swiss"]
[EventRounds "9"]
[EventCountry "ARG"]
[SourceTitle "CBM 081 Extra"]
[Source "ChessBase"]
[SourceDate "2001.05.06"]
[SourceVersion "1"]
[SourceVersionDate "2001.05.06"]
[SourceQuality "1"]

1. e4 e5 2. Nf3 Nc6 3. Bc4 Bc5 4. c3 Nf6 5. d3 d6 6. Nbd2 O-O 7. h3 Be6 8. b4
Bb6 9. a4 a6 10. O-O d5 11. exd5 Bxd5 12. Re1 Re8 13. Qc2 h6 14. Ba3 Re6 15. b5
axb5 16. axb5 Ne7 17. Nxe5 Qe8 18. Qb3 Rd8 19. Ndf3 Bxc4 20. dxc4 Nf5 21. c5
Ba7 22. Qa4 Ra8 23. Qf4 Ne7 24. c4 c6 25. Bb4 cxb5 26. Nd4 bxc4 27. Nxe6 fxe6
28. Qxc4 Ned5 29. Ra5 Qb8 30. Qa2 Kh8 31. Bd2 b6 1-0

[Event "Mar del Plata op 32nd"]
[Site "Mar del Plata"]
[Date "2001.04.12"]
[Round "6"]
[White "Giaccio, Alfredo Gustavo"]
[Black "Rodriguez Vila, Andres"]
[Result "0-1"]
[WhiteElo "2453"]
[BlackElo "2500"]
[PlyCount "76"]
[EventDate "2001.04.07"]
[EventType "swiss"]
[EventRounds "9"]
[EventCountry "ARG"]
[SourceTitle "CBM 081 Extra"]
[Source "ChessBase"]
[SourceDate "2001.05.06"]
[SourceVersion "1"]
[SourceVersionDate "2001.05.06"]
[SourceQuality "1"]

1. e4 e6 2. d4 d5 3. e5 c5 4. c3 Nc6 5. Nf3 Bd7 6. a3 Qb6 7. b4 cxd4 8. cxd4
Rc8 9. Be3 Nh6 10. Bd3 Ne7 11. Qe2 Nef5 12. O-O Be7 13. h3 Nxe3 14. fxe3 Nf5
15. Qf2 Bb5 16. Bxb5+ Qxb5 17. g4 Nh6 18. Nbd2 O-O 19. e4 Qd3 20. Qe1 Rc2 21.
Rd1 Qxa3 22. g5 dxe4 23. Qxe4 Rxd2 24. Rxd2 Nf5 25. Kh2 Bxb4 26. Re2 Rd8 27.
Qxb7 Rxd4 28. Rb1 Bf8 29. Rb3 Qc1 30. Nxd4 Qf4+ 31. Kh1 Nxd4 32. Ree3 Nxb3 33.
Qxb3 Qxg5 34. Qc3 a5 35. Rf3 Qh5 36. Kg2 a4 37. Rd3 a3 38. Rd2 Qg5+ 0-1

[Event "Mar del Plata op 32nd"]
[Site "Mar del Plata"]
[Date "2001.04.13"]
[Round "7"]
[White "Rodriguez Vila, Andres"]
[Black "Slipak, Sergio"]
[Result "0-1"]
[WhiteElo "2500"]
[BlackElo "2448"]
[PlyCount "84"]
[EventDate "2001.04.07"]
[EventType "swiss"]
[EventRounds "9"]
[EventCountry "ARG"]
[SourceTitle "CBM 081 Extra"]
[Source "ChessBase"]
[SourceDate "2001.05.06"]
[SourceVersion "1"]
[SourceVersionDate "2001.05.06"]
[SourceQuality "1"]

1. e4 e5 2. Nf3 Nc6 3. Bc4 Nf6 4. d3 Be7 5. O-O O-O 6. Re1 d6 7. a4 Na5 8. Ba2
c5 9. c3 Nc6 10. Nbd2 h6 11. h3 Re8 12. Nf1 Bf8 13. Ng3 Be6 14. Bb1 d5 15. exd5
Bxd5 16. Be3 Qd7 17. Nd2 Rad8 18. a5 Be6 19. Qc2 Nd5 20. Bxc5 Bxc5 21. d4 Nf6
22. Nde4 Nxe4 23. Nxe4 Be7 24. Nc5 Bxc5 25. Qh7+ Kf8 26. dxc5 f5 27. Re3 Qf7
28. Kh2 Qf6 29. a6 Ne7 30. Ba2 Bxa2 31. Rxa2 Kf7 32. axb7 Rh8 33. Rd3 Rb8 34.
Qxh8 Rxh8 35. Rd6 Qh4 36. Rxa7 Rb8 37. Rd7 Qe4 38. Rc7 Qf4+ 39. Kg1 Qc1+ 40.
Kh2 Qxb2 41. c4 e4 42. Rd7 Ke8 0-1

[Event "Mar del Plata op 32nd"]
[Site "Mar del Plata"]
[Date "2001.04.15"]
[Round "9"]
[White "Rodriguez Vila, Andres"]
[Black "Pierrot, Juan Facundo"]
[Result "1-0"]
[WhiteElo "2500"]
[BlackElo "2414"]
[PlyCount "61"]
[EventDate "2001.04.07"]
[EventType "swiss"]
[EventRounds "9"]
[EventCountry "ARG"]
[SourceTitle "CBM 081 Extra"]
[Source "ChessBase"]
[SourceDate "2001.05.06"]
[SourceVersion "1"]
[SourceVersionDate "2001.05.06"]
[SourceQuality "1"]

1. e4 e5 2. Bc4 Nf6 3. d3 d5 4. exd5 Nxd5 5. Nf3 Nc6 6. O-O Bc5 7. Re1 O-O 8.
Nxe5 Qh4 9. Qf3 Nf6 10. Nxc6 Ng4 11. d4 Qxh2+ 12. Kf1 bxc6 13. dxc5 Ne5 14.
Rxe5 Qxe5 15. Nc3 Qxc5 16. Bb3 Bd7 17. Be3 Qe7 18. Qg3 Bf5 19. Bd4 Bg6 20. Re1
Qd6 21. Be5 Qd7 22. Bxc7 Rfe8 23. Rxe8+ Rxe8 24. Qd6 Qxd6 25. Bxd6 Bf5 26. Bc5
a6 27. a4 h5 28. a5 h4 29. f3 g5 30. Bb6 Kg7 31. Bc4 1-0

[Event "Mercosur Cup 4th"]
[Site "Vicente Lopez"]
[Date "2001.06.23"]
[Round "1"]
[White "Rodriguez Vila, Andres"]
[Black "Scarella, Enrique Alejandro"]
[Result "1-0"]
[WhiteElo "2500"]
[BlackElo "2361"]
[PlyCount "121"]
[EventDate "2001.06.23"]
[EventType "tourn"]
[EventRounds "9"]
[EventCountry "ARG"]
[EventCategory "8"]
[SourceTitle "EXT 2002"]
[Source "ChessBase"]
[SourceDate "2001.11.25"]
[SourceVersion "1"]
[SourceVersionDate "2001.11.25"]
[SourceQuality "1"]

1. e4 c5 2. f4 d5 3. exd5 Nf6 4. Nf3 Nxd5 5. Bb5+ Bd7 6. Bc4 Nb6 7. Be2 Nc6 8.
O-O g6 9. c3 Bg7 10. d3 O-O 11. Be3 Nd5 12. Bxc5 b6 13. Bf2 Nxf4 14. Nbd2 e5
15. Bh4 f6 16. Kh1 g5 17. Bf2 Be6 18. Ne1 Qd7 19. Be3 Ne7 20. Ne4 Rad8 21. a4
Ned5 22. Bc1 h6 23. Nc2 f5 24. Nf2 Qc7 25. Re1 Qc5 26. Kg1 Bf7 27. Bf1 Bh5 28.
Qd2 Rfe8 29. a5 b5 30. a6 Ne6 31. Ne3 Ne7 32. Qc2 f4 33. Qb3 Bf7 34. Nc2 Qb6
35. c4 Nc7 36. Qa3 Nc6 37. c5 Qb8 38. Ne4 Re7 39. Nd6 Be6 40. Be2 Ne8 41. Nb7
Rdd7 42. Bf3 e4 43. Bxe4 Nd4 44. Nxd4 Bxd4+ 45. Kh1 Nf6 46. c6 Ng4 47. cxd7
Rxd7 48. Re2 Nxh2 49. Bd2 Qe8 50. Bf5 Nf1 51. Bxe6+ Kg7 52. Rxf1 Qh5+ 53. Bh3
Qxe2 54. Qa1 g4 55. Qe1 f3 56. gxf3 Qxe1 57. Rxe1 gxh3 58. b4 Rf7 59. f4 Rf6
60. Re4 Bf2 61. Bc3 1-0

[Event "Mercosur Cup 4th"]
[Site "Vicente Lopez"]
[Date "2001.06.25"]
[Round "3"]
[White "Rodriguez Vila, Andres"]
[Black "Panno, Oscar"]
[Result "0-1"]
[WhiteElo "2500"]
[BlackElo "2471"]
[PlyCount "126"]
[EventDate "2001.06.23"]
[EventType "tourn"]
[EventRounds "9"]
[EventCountry "ARG"]
[EventCategory "8"]
[SourceTitle "EXT 2002"]
[Source "ChessBase"]
[SourceDate "2001.11.25"]
[SourceVersion "1"]
[SourceVersionDate "2001.11.25"]
[SourceQuality "1"]

1. e4 c5 2. Nc3 Nc6 3. f4 g6 4. Nf3 Bg7 5. Bc4 e6 6. f5 gxf5 7. exf5 Nf6 8. d3
O-O 9. Bg5 d5 10. Bb3 b5 11. a4 b4 12. Ne2 Ba6 13. Qd2 c4 14. Ba2 b3 15. cxb3
cxd3 16. Ng3 Qd6 17. O-O e5 18. Kh1 Ne4 19. Nxe4 dxe4 20. f6 exf3 21. fxg7 Rfc8
22. Rxf3 Nd4 23. Rxf7 Kxf7 24. Rf1+ Kxg7 25. Bf6+ Qxf6 26. Rxf6 Kxf6 27. Qh6+
Kf5 28. h3 Rc6 29. Qxh7+ Kf4 30. Qh4+ Ke3 31. Qg5+ Ke4 32. Qg4+ Kd5 33. b4+ Bc4
34. Qd7+ Rd6 35. Qb7+ Rc6 36. Qd7+ Ke4 37. Qg4+ Ke3 38. Qg5+ Ke4 39. Qg4+ Kd5
40. Qd7+ Rd6 41. Qb7+ Rc6 42. Qf7+ Ke4 43. Bxc4 Rxc4 44. Qg6+ Ke3 45. Qg5+ Ke2
46. Qxe5+ Kd2 47. b3 Rxb4 48. Qg5+ Kc2 49. Qc5+ Kxb3 50. Qc1 Re8 51. Qd2 Kc4
52. Qc1+ Nc2 53. Qf4+ Kc3 54. Qf6+ Kd2 55. Qg5+ Ne3 56. a5 Rbe4 57. a6 R8e5 58.
Qf6 Ke1 59. Kg1 d2 60. Qf3 Rc4 61. g4 Rc2 62. Qf2+ Kd1 63. Qf8 Ke2 0-1